=LDR 00000nam 2200000 4500 =001 INLIS000000000018272 =005 20130612113443 =008 ***********************************Ind** =035 ##$$0010-061300000018272 =041 ##$$a Ind =082 ##$$a 631.43 =090 ##$$a 631.43, Ris t =100 ##$$a Rismunandar =245 ##$$a Tanah, seluk beluknya bagi pertanian, Rismunandar =260 ##$$a 1993 $b Bandung =300 ##$$a ix, 105 hlm, ilus, 21 cm =650 ##$$a Tanah-Pertanian =850 ##$$a NBPNMAT